Enciclopedia Salvat de la fauna : índice /

Obra en once volúmenes sobre las principales especies animales que pueblan las diferentes regiones del planeta. Organizada geográficamente, cada volumen a su vez describe las características de las especies, familias y órdenes.

সংরক্ষণ করুন:
গ্রন্থ-পঞ্জীর বিবরন
প্রধান লেখক: Mosterín, Jesús (dir. editorial)
অন্যান্য লেখক: Rodríguez de la Fuente, Félix (edición) (edición)
বিন্যাস: গ্রন্থ
ভাষা:স্প্যানিশ
প্রকাশিত: México : Salvat, 1970, c1970
বিষয়গুলি:
ট্যাগগুলো: ট্যাগ যুক্ত করুন
কোনো ট্যাগ নেই, প্রথমজন হিসাবে ট্যাগ করুন!

MARC

LEADER 00000nam^a2200000^a^4500
001 000100659
005 20250521000000.0
009 20260310093211.102
037 |a Acervo ITESO - Biblioteca 
041 |a ESP 
082 |a 591. 03  |b ENC V. 11 
100 |a Mosterín, Jesús  |e (dir. editorial) 
240 1 1 |a [Enciclopedia Salvat de la fauna] 
245 1 0 |a Enciclopedia Salvat de la fauna :  |b índice /  |c Dir. editorial de J. Mosterín ; ed. de F. Rodríguez de la Fuente. 
264 4 |a México :  |b Salvat,  |c 1970, c1970 
300 |a 300 p. 
336 |a texto  |b txt  |2 rdacontenido 
337 |a sin mediación  |b n  |2 rdamedio 
338 |a volumen  |b nc  |2 rdasoporte 
520 |a Obra en once volúmenes sobre las principales especies animales que pueblan las diferentes regiones del planeta. Organizada geográficamente, cada volumen a su vez describe las características de las especies, familias y órdenes. 
649 |a XX 
650 |a Fauna -  |x Enciclopedias y Diccionarios -  |x Tema Principal 
650 |a Zoología -  |x Enciclopedias y Diccionarios 
650 |a Biología -  |x Enciclopedias y Diccionarios 
650 |a Enciclopedias y Diccionarios 
700 |a Rodríguez de la Fuente, Félix  |e (edición) 
910 |a Fondo Jesús Rodríguez 
920 |a Impresos - Libros 
930 |a Fondos Especiales 
905 |a 113 
901 |a 0500036439  |b IT2  |c ESP  |u 20250521 
902 |a https://opac.biblio.iteso.mx/vufind/Record/000100659